| 000 | 00590nam a22001817a 4500 | ||
|---|---|---|---|
| 003 | OSt | ||
| 005 | 20160610140325.0 | ||
| 008 | 131002t xxu||||| |||| 00| 0 eng d | ||
| 020 | _a9780871203182 | ||
| 050 |
_aLC 111 _b.N675 1998 |
||
| 082 |
_aGLT 379.280973 _bN75 1998 |
||
| 100 |
_aNord, Warren A. _922699 |
||
| 245 |
_aTaking religion seriously across the curriculum / _cWarren A. Nord [and] Charles C. Haynes |
||
| 260 |
_aAlexandria, Va : _bAssociation for Supervision and Curriculum Development, _c1998 |
||
| 300 |
_a219 p. : _bill. ; _c23 cm. |
||
| 942 |
_2lcc _cBK |
||
| 999 |
_c12614 _d12614 |
||